| 000 -LEADER |
| fixed length control field |
00497pab a2200169 454500 |
| 008 - FIXED-LENGTH DATA ELEMENTS--GENERAL INFORMATION |
| fixed length control field |
180718b xxu||||| |||| 00| 0 eng d |
| 100 ## - MAIN ENTRY--PERSONAL NAME |
| Personal name |
Gormley William T. Jr. |
| 245 ## - TITLE STATEMENT |
| Title |
National styles of regulation: child care in three countries |
| 362 ## - DATES OF PUBLICATION AND/OR SEQUENTIAL DESIGNATION |
| Dates of publication and/or sequential designation |
25(4), Nov 92, p.381-99 |
| 650 ## - SUBJECT ADDED ENTRY--TOPICAL TERM |
| Topical term or geographic name entry element |
Child Welfare -- U.S.A. |
| 650 ## - SUBJECT ADDED ENTRY--TOPICAL TERM |
| Topical term or geographic name entry element |
Child Welfare -- Sweden |
| 650 ## - SUBJECT ADDED ENTRY--TOPICAL TERM |
| Topical term or geographic name entry element |
Child Welfare -- Germany |
| 650 ## - SUBJECT ADDED ENTRY--TOPICAL TERM |
| Topical term or geographic name entry element |
Child Welfare |
| 700 ## - ADDED ENTRY--PERSONAL NAME |
| Personal name |
Peters B. Guy |
| 773 ## - HOST ITEM ENTRY |
| Main entry heading |
Policy Sciences |
| 909 ## - |
| -- |
25326 |